The Goldsworthy Trilogy (Record no. 9329)
[ view plain ]
| 000 -LEADER | |
|---|---|
| fixed length control field | 00889nam a22002417a 4500 |
| 003 - CONTROL NUMBER IDENTIFIER | |
| control field | GBCCL |
| 005 - DATE AND TIME OF LATEST TRANSACTION | |
| control field | 20241126110710.0 |
| 008 - FIXED-LENGTH DATA ELEMENTS--GENERAL INFORMATION | |
| fixed length control field | 221010b ||||| |||| 00| 0 eng d |
| 020 ## - INTERNATIONAL STANDARD BOOK NUMBER | |
| International Standard Book Number | 9781842270363 |
| 020 ## - INTERNATIONAL STANDARD BOOK NUMBER | |
| International Standard Book Number | 1842270362 |
| 040 ## - CATALOGING SOURCE | |
| Transcribing agency | GBC |
| 082 ## - DEWEY DECIMAL CLASSIFICATION NUMBER | |
| Classification number | 225.6 |
| Item number | GOL |
| 100 ## - MAIN ENTRY--PERSONAL NAME | |
| Personal name | Goldsworthy, Graeme |
| 9 (RLIN) | 356 |
| 245 ## - TITLE STATEMENT | |
| Title | The Goldsworthy Trilogy |
| 260 ## - PUBLICATION, DISTRIBUTION, ETC. | |
| Place of publication, distribution, etc. | Bucks, UK : |
| Name of publisher, distributor, etc. | Paternoster Publishing, |
| Date of publication, distribution, etc. | 2000 |
| 300 ## - PHYSICAL DESCRIPTION | |
| Extent | 575p |
| 505 ## - FORMATTED CONTENTS NOTE | |
| Formatted contents note | Gospel and kingdom : a Christian interpretation of the Old Testament<br/>The Gospel in Revelation : gospel and apocalypse<br/>Gospel and wisdom : Israel's wisdom literature in the Christian life |
| 650 ## - SUBJECT ADDED ENTRY--TOPICAL TERM | |
| Topical term or geographic name entry element | Bible. |
| Form subdivision | New Testament |
| 9 (RLIN) | 7309 |
| 650 ## - SUBJECT ADDED ENTRY--TOPICAL TERM | |
| Topical term or geographic name entry element | Bible. |
| Form subdivision | New Testament Relation to the Old Testament |
| 9 (RLIN) | 16258 |
| 650 ## - SUBJECT ADDED ENTRY--TOPICAL TERM | |
| Topical term or geographic name entry element | Bible. |
| Form subdivision | Old Testament |
| 9 (RLIN) | 6826 |
| 650 ## - SUBJECT ADDED ENTRY--TOPICAL TERM | |
| Topical term or geographic name entry element | Bible. |
| Form subdivision | Old Testament Criticism, interpretation, etc |
| 9 (RLIN) | 16259 |
| 942 ## - ADDED ENTRY ELEMENTS (KOHA) | |
| Source of classification or shelving scheme | Dewey Decimal Classification |
| Koha item type | Books |
| Withdrawn status | Lost status | Source of classification or shelving scheme | Damaged status | Not for loan | Home library | Current Library | Shelving location | Date acquired | Total checkouts | Full call number | Barcode | Date last seen | Copy number | Price effective from | Koha item type |
|---|---|---|---|---|---|---|---|---|---|---|---|---|---|---|---|
| Dewey Decimal Classification | GRACE BIBLE COLLEGE | GRACE BIBLE COLLEGE | Biblical Studies | 2022-10-10 | 225.6 GOL | 015804 | 2025-05-01 | c.1 | 2022-10-10 | Books |